书目信息 |
| 题名: |
胡明哲岩彩人物画技法
|
|
| 作者: | 胡明哲 著 | |
| 分册: | ||
| 出版信息: | 北京 人民美术出版社 2002.06 |
|
| 页数: | 17页 | |
| 开本: | 38cm | |
| 丛书名: | 良师画室 | |
| 单 册: | ||
| 中图分类: | J212.25 | |
| 科图分类: | ||
| 主题词: | 中国画: 人物画--技法(美术) , 中国画 , 人物画 | |
| 电子资源: | ||
| ISBN: | 7-102-02595-5 | |
| 000 | 00760nam2 2200265 45 | |
| 001 | 012004000000 | |
| 005 | 20041010144150.27 | |
| 010 | @a7-102-02595-5@dCNY 15.00 | |
| 100 | @a20040804d2002 em y0chiy0121 ea | |
| 101 | 0 | @achi |
| 102 | @aCN@b110000 | |
| 105 | @aa z 000yy | |
| 200 | 1 | @a胡明哲岩彩人物画技法@Ahu ming zhe yan cai ren wu hua ji fa@f胡明哲著 |
| 210 | @a北京@c人民美术出版社@d2002.06 | |
| 215 | @a17页@c图@d38cm | |
| 225 | 2 | @a良师画室@dProfessor studio@zeng |
| 410 | 0 | @12001 @a良师画室 |
| 510 | 1 | @aProfessor studio@zeng |
| 606 | 0 | @a中国画: 人物画@x技法(美术) |
| 606 | 0 | @a中国画 |
| 606 | 0 | @a人物画 |
| 690 | @aJ212.25@v4 | |
| 701 | 0 | @a胡明哲@Ahu ming zhe@4著 |
| 801 | 0 | @aCN@bQSSK@c20041010 |
| 905 | @a10447@dJ212.25@eH490 | |
| 胡明哲岩彩人物画技法/胡明哲著.-北京:人民美术出版社,2002.06 |
| 17页:图;38cm.-(良师画室=Professor studio) |
| ISBN 7-102-02595-5:CNY 15.00 |
| ● |
| 相关链接 |
|
|
|
正题名:胡明哲岩彩人物画技法
索取号:J212.25/H490
 
预约/预借
| 序号 | 登录号 | 条形码 | 馆藏地/架位号 | 状态 | 备注 |
| 1 | 398527 | 203985278 | 自科二线404/309社科库 69排2列3层/ [索取号:J212.25/H490] | 在馆 | |
| 2 | 398528 | 203985287 | 自科二线404/309社科库 42排1列4层/ [索取号:J212.25/H490] | 在馆 | |
| 3 | 398529 | 203985296 | 社科库309/309社科库 69排2列5层/ [索取号:J212.25/H490] | 在馆 |